000
00329 a2200157 4500
001
194562
020
_a
978-85-61167-62-2
040
_c
Magnum
100
_a
Paquette, Gabrielle
240
1
0
_a
Abracadatchum!
_l
por
245
1
0
_a
Abracadatchum!
300
_a
362
0
_a
2013
697
_a
LITERATURA INFANTO
942
_c
BK
999
_c
194562
_d
194562